00541nam a2200193 a 4500001001300000003000900013005001700022008004100039020001000080082001700090100002500107245004600132260004300178300001300221500003500234505001300269650004000282700002500322nice12345678IN_TiNIC20260116015255.0050524s1996 bala grp 000 0 ara  ac10000a291.172bBAL aBalamand, University aConsultation on Christian Muslim Studies. aBalamandbUniversity of Balamandc1996 a31p, 80p aincludes index and biblioraphy2 aappendix aInterfaith Dialogue-Christian Musli1 aBalamand, University